[Event "Moscow Open F Women"]
[Site "Moscow RUS"]
[Date "2011.02.03"]
[Round "6.41"]
[White "Morozova,Ulia"]
[Black "Abdumalik,Z"]
[Result "0-1"]
[WhiteElo "1724"]
[BlackElo "1938"]

1.e4 c5 2.Nf3 e6 3.d4 cxd4 4.Nxd4 a6 5.Nc3 Qc7 6.Bd3 Nf6 7.O-O d6 8.Kh1 g6
9.f4 Bg7 10.f5 O-O 11.Bg5 Nc6 12.Nxc6 bxc6 13.Qd2 e5 14.Bc4 gxf5 15.exf5 d5
16.Bh6 Bxh6 17.Qxh6 Qe7 18.Be2 Kh8 19.g4 Ng8 20.Qh5 f6 21.Rf2 Qg7 22.Na4 Rb8
23.b3 e4 24.Nc5 Qa7 25.Nxe4 dxe4 26.Raf1 Qg7 27.h4 Qh6 28.g5 Qxh5 29.Bxh5 Rb5
30.g6 hxg6 31.Bxg6 Ne7 32.h5 e3 33.Re2 Bxf5 34.Rxe3 Nxg6 35.hxg6 Bxg6 36.c4 Rg5
37.Rf2 Kg7 38.Rg2 Rh8+ 39.Kg1 Rxg2+ 40.Kxg2 Re8  0-1

[Event "Moscow Open D University Women"]
[Site "Moscow RUS"]
[Date "2011.02.03"]
[Round "6.7"]
[White "Niks,Y"]
[Black "Chukhlantseva,A"]
[Result "0-1"]
[WhiteElo "1878"]
[BlackElo "1942"]

1.e4 c5 2.Nf3 e6 3.d4 cxd4 4.Nxd4 a6 5.Nc3 Qc7 6.a3 Nf6 7.Be2 b5 8.Bf3 Bb7
9.O-O Nc6 10.g3 b4 11.axb4 Bxb4 12.Na2 Be7 13.Nc3 O-O 14.Bg2 Rfd8 15.Kh1 d5
16.Nxc6 Bxc6 17.Bf4 e5 18.Bd2 d4 19.Ne2 Bxe4 20.Bxe4 Nxe4 21.Ba5 Qc6 22.f3 Rdc8
23.fxe4 Qxe4+ 24.Kg1 Bg5 25.c3 Be3+ 26.Rf2 Rc6 27.cxd4 Rf6 28.Be1 Qf5 29.dxe5 Bxf2+
30.Bxf2 Qxf2+ 31.Kh1 Qf3+ 32.Kg1 Qe3+ 33.Kh1 Qxe5 34.Nc3 Re8 35.Qc2 Qe3 36.Nd5 Qf3+
37.Qg2 Qxg2+ 38.Kxg2 Re2+ 39.Kg1 Rd6 40.Nc7 Rdd2 41.Nxa6 Rg2+ 42.Kh1 Rxh2+
43.Kg1 Rdg2+ 44.Kf1 Rxb2 45.Kg1 Rbg2+ 46.Kf1 Rh1+ 47.Kxg2 Rxa1 48.Nc5 h5
49.Nd3 g5 50.Ne5 f6 51.Nc4 Kf7 52.Nd6+ Kg6 53.Ne4 Ra2+ 54.Kf3 g4+ 55.Ke3 Ra3+
56.Kf2 f5 57.Nd6 f4 58.gxf4 Rf3+ 59.Kg2 Rxf4  0-1

[Event "1st Open"]
[Site "Cento ITA"]
[Date "2011.02.05"]
[Round "1"]
[White "Astengo,C"]
[Black "David,Alb"]
[Result "0-1"]
[WhiteElo "2146"]
[BlackElo "2580"]

1.e4 c5 2.Nf3 e6 3.d4 cxd4 4.Nxd4 a6 5.Nc3 Qc7 6.Bd3 Nf6 7.O-O d6 8.Kh1 Nbd7
9.f4 Be7 10.Qf3 b6 11.Bd2 Bb7 12.Rae1 h5 13.Qh3 Nc5 14.Nf3 g6 15.e5 Ng4 16.exd6 Nxd3
17.cxd3 Qxd6 18.Ne5 Qd4 19.Nxg4 hxg4 20.Qxg4 Qxd3 21.Be3 b5 22.Bb6 Rh4 23.Qe2 Qxe2
24.Rxe2 Rc8 25.Kg1 b4 26.g3 Rh5 27.Nd1 a5 28.Rd2 Rd5 29.Rxd5 Bxd5 30.b3 Rc2
31.Rf2 Rc1 32.Rf1 Ra1 33.Ne3 Rxa2 34.Nxd5 exd5 35.Rd1 a4 36.bxa4 b3 37.a5 b2
38.Bd4 Bc5  0-1

[Event "ch-TUR"]
[Site "Kemer-Antalya TUR"]
[Date "2011.02.06"]
[Round "3"]
[White "Alev,G"]
[Black "Aslanhan,H"]
[Result "1-0"]
[WhiteElo "1611"]
[BlackElo "1760"]

1.e4 c5 2.Nf3 e6 3.d4 cxd4 4.Nxd4 a6 5.Nc3 Qc7 6.Be3 Bb4 7.Bd2 Nf6 8.Bd3 Nc6
9.Nxc6 bxc6 10.O-O d5 11.Re1 O-O 12.e5 Nd7 13.Nxd5 exd5 14.Bxb4 c5 15.Bd2 Re8
16.e6 fxe6 17.Bxh7+ Kf8 18.Bg6 Rd8 19.Rxe6 Ne5 20.Ba5 Qb8 21.Rxe5 Qxe5 22.Bxd8 Be6
23.Bh4 Qxb2 24.Qe1 Rb8 25.c3 d4 26.cxd4 Qxd4 27.Bg3 Rd8 28.h3 Qf6 29.Bh5 c4
30.Qe5 c3 31.Qxf6+ gxf6 32.Bf4 c2 33.Kh2 f5 34.Bf3 Rd4 35.Be3 Ra4 36.a3 Rc4
37.Be2 Rc6 38.Bd3 Ke7 39.Rc1 Bb3 40.Bxf5 Kf6 41.Be4 Rc7 42.Bb6 Rc4 43.Bd5  1-0

[Event "75th ch-BUL Semi-Final"]
[Site "Plovdiv BUL"]
[Date "2011.02.08"]
[Round "3"]
[White "Ljangov,P"]
[Black "Enchev,Georgi"]
[Result "1-0"]
[WhiteElo "2094"]
[BlackElo "1821"]

1.e4 c5 2.Nf3 e6 3.d4 cxd4 4.Nxd4 a6 5.Nc3 Qc7 6.a3 b5 7.Bd3 Bb7 8.O-O Nf6
9.Be3 Nc6 10.Nxc6 Qxc6 11.f3 Bc5 12.Qe2 Rc8 13.Bxc5 Qxc5+ 14.Qf2 Qxf2+ 15.Kxf2 d6
16.a4 b4 17.Na2 a5 18.Nc1 Ke7 19.Nb3 Ra8 20.Rfc1 Rhc8 21.c3 bxc3 22.Rxc3 Rxc3
23.bxc3 Nd7 24.Bb5 Ne5 25.Ke3 Nc6 26.Kd2 g6 27.Ra2 f5 28.exf5 gxf5 29.Ke3 Ne5
30.Rc2 Bc6 31.c4 Bd7 32.h3 h5 33.f4 Nc6 34.Rd2 Rg8 35.Kf2 h4 36.c5 d5 37.Bxc6 Bxc6
38.Nxa5 Bxa4 39.Ra2 Bb5 40.Rb2 Ba6 41.Rb6 Ra8 42.Nc6+ Kf6 43.Ne5 Bc8 44.Rc6 Ra2+
45.Kg1 Ra4 46.Rxc8 Rxf4 47.Nf3 Ke7 48.Rc7+ Kd8 49.Rc6 Re4 50.Ng5  1-0

[Event "75th ch-BUL Semi-Final"]
[Site "Plovdiv BUL"]
[Date "2011.02.09"]
[Round "4"]
[White "Dimitrov,De"]
[Black "Enchev,Georgi"]
[Result "1-0"]
[WhiteElo "2081"]
[BlackElo "1821"]

1.Nf3 c5 2.e4 e6 3.d4 cxd4 4.Nxd4 a6 5.Nc3 Qc7 6.g3 b5 7.Bg2 Bb7 8.O-O Nc6
9.Re1 Be7 10.Nd5 Qd8 11.Nxc6 Bxc6 12.Bf4 Rc8 13.Qd2 Kf8 14.Nxe7 Nxe7 15.Bd6 f6
16.Qb4 Kf7 17.b3 Ng6 18.Rad1 a5 19.Qd4 e5 20.Qe3 Re8 21.Bc5 Rb8 22.Qf3 Kg8
23.Qg4 Re6 24.Rd2 Qe8 25.h4 Ne7 26.Bh3 g6 27.Qd1 f5 28.Bxe7 Rxe7 29.exf5 e4
30.Re3 d5 31.Qg4 Rg7 32.fxg6 Rxg6 33.Qf4 Qf8 34.Qc7 Qd8 35.Qxd8+ Rxd8 36.Rxe4 dxe4
37.Rxd8+ Kf7 38.Kh2 Ke7 39.Rd4 Rf6 40.Rd2 h5 41.Bg2 Re6 42.Kg1 b4 43.Bf1 Rg6
44.Re2 Kd6 45.Re3 Kc5 46.Be2 Rh6 47.c3 bxc3 48.Rxc3+ Kd4 49.Rc4+ Kd5 50.Kf1 Rf6
51.Ke1 Bb5 52.Rc8 Bd3 53.Rd8+ Ke5 54.Bxd3 exd3 55.Rxd3 Ke4  1-0

[Event "1st Open"]
[Site "Cento ITA"]
[Date "2011.02.11"]
[Round "7"]
[White "Astengo,C"]
[Black "Vezzelli,F"]
[Result "1-0"]
[WhiteElo "2146"]
[BlackElo "1905"]

1.e4 c5 2.Nf3 e6 3.d4 cxd4 4.Nxd4 a6 5.Nc3 Qc7 6.Bd3 Nf6 7.O-O Be7 8.Kh1 d6
9.f4 Nbd7 10.Qf3 h5 11.Bd2 Nc5 12.Rae1 Nxd3 13.cxd3 Ng4 14.f5 Bh4 15.Rc1 Qd7
16.h3 b5 17.fxe6 fxe6 18.Qe2 Bf6 19.Nf3 Qf7 20.d4 Bb7 21.e5 Be7 22.exd6 Bxd6
23.Ng5 Qg6 24.Qxe6+ Qxe6 25.Nxe6 Nh2 26.Nxg7+ Kd8 27.Rf7  1-0

[Event "TCh-CAT Div Hon"]
[Site "Barcelona ESP"]
[Date "2011.02.12"]
[Round "3"]
[White "Fernandez Cazorla,A"]
[Black "Lopez Agustench,E"]
[Result "0-1"]
[WhiteElo "2222"]
[BlackElo "2255"]

1.e4 c5 2.Nf3 e6 3.d4 cxd4 4.Nxd4 a6 5.Nc3 Qc7 6.Be3 Bb4 7.Qd3 Nf6 8.O-O-O Bxc3
9.bxc3 d5 10.f3 Nbd7 11.Bg5 dxe4 12.Qc4 Qxc4 13.Bxc4 exf3 14.gxf3 O-O 15.Rhg1 Kh8
16.Rg3 b5 17.Bd3 Bb7 18.Rdg1 Ne5 19.Bxf6 Nxd3+ 20.cxd3 gxf6 21.Kd2 Bd5 22.a3 Rac8
23.Ne2 Rg8 24.Rxg8+ Rxg8 25.Rxg8+ Kxg8 26.Ke3 Kf8 27.Nf4 Bb7 28.Nh5 Ke7 29.f4 f5
30.Kd4 Bf3 31.Ng3 Kd6 32.c4 bxc4 33.dxc4 h5 34.h4 f6 35.c5+ Kc6 36.a4 a5
37.Kc4 Bg4 38.Kd4 Bd1 39.Kc4 Bf3 40.Kd4 Bg4 41.Nf1 e5+ 42.fxe5 fxe5+ 43.Kxe5 Kxc5
44.Ng3 Kb4 45.Nxf5 Bxf5 46.Kxf5 Kxa4  0-1

[Event "IV Open A"]
[Site "Gora Swietej Anny POL"]
[Date "2011.02.12"]
[Round "2.23"]
[White "Gudelajtis,Anna"]
[Black "Kalmuk,Krzysztof"]
[Result "0-1"]
[WhiteElo "1516"]
[BlackElo "1778"]

1.e4 c5 2.Nf3 e6 3.d4 cxd4 4.Nxd4 a6 5.Nc3 Qc7 6.Bd3 Nf6 7.O-O Be7 8.Kh1 O-O
9.f4 d6 10.Qf3 Nbd7 11.Qg3 Kh8 12.Be3 b5 13.a3 Bb7 14.f5 e5 15.Nf3 d5 16.exd5 Nxd5
17.Nxd5 Bxd5 18.Ne1 Rac8 19.c3 Bd6 20.Qh3 e4 21.Bb1 Rcd8 22.Nc2 Nf6 23.Nd4 Bxh2
24.Bc2 Bc4 25.Rfe1 Bg3 26.Red1 Nd5 27.Bg1 Rd6 28.Qxg3 Rh6+ 29.Qh2 Qf4 30.Qxh6 Qxh6+
31.Bh2 Ne3 32.Re1 Ng4  0-1

[Event "16th Lienz-Open 2011"]
[Site "Lienz AUT"]
[Date "2011.02.12"]
[Round "1"]
[White "Dlauchy,P"]
[Black "Meijers,V"]
[Result "0-1"]
[WhiteElo "1911"]
[BlackElo "2463"]

1.e4 c5 2.Nf3 e6 3.d4 cxd4 4.Nxd4 a6 5.Nc3 b5 6.g3 Bb7 7.Bg2 h5 8.h4 Nf6
9.a3 b4 10.axb4 Bxb4 11.Qd3 d5 12.e5 Ng4 13.Bf4 Nd7 14.Nf3 Qc7 15.O-O Rc8
16.Na4 Qxc2 17.Qxc2 Rxc2 18.Rac1 Rxc1 19.Rxc1 Ba5 20.Rc2 Ke7 21.Bf1 Rc8 22.Rxc8 Bxc8
23.Bg5+ Ke8 24.Be2 g6 25.Bf4 Bc7 26.Kf1 Bb7 27.b3 Bc8 28.b4 Ngxe5 29.Nxe5 Bxe5
30.Bxe5 Nxe5 31.Nc5 Kd8 32.Nxa6 Bxa6 33.Bxa6 Nc6 34.Be2 Nxb4 35.f3 d4 36.g4 d3
37.Bd1 Nd5 38.gxh5 gxh5 39.Kf2 Nc3  0-1

[Event "ch-ROU Women"]
[Site "Sarata Monteoru ROU"]
[Date "2011.02.12"]
[Round "1.1"]
[White "Gelip,I"]
[Black "Peptan,C"]
[Result "0-1"]
[WhiteElo "1952"]
[BlackElo "2414"]

1.e4 c5 2.Nf3 e6 3.d4 cxd4 4.Nxd4 a6 5.Nc3 Qb6 6.a3 Nc6 7.Be3 Qc7 8.Nxc6 bxc6
9.Bd3 Nf6 10.O-O Rb8 11.Rb1 Be7 12.Re1 e5 13.Bg5 O-O 14.f4 d6 15.Ne2 Ng4
16.Rf1 Bxg5 17.fxg5 Qa7+ 18.Kh1 Ne3 19.Qd2 Nxf1 20.Rxf1 Rxb2 21.Bc4 Qb8 22.Bb3 Qxb3  0-1

[Event "ch-ROU Men"]
[Site "Sarata Monteoru ROU"]
[Date "2011.02.12"]
[Round "1.46"]
[White "Horvat,Dan"]
[Black "Deaconu,Mihai-Ionut"]
[Result "1-0"]
[WhiteElo "2171"]
[BlackElo "1686"]

1.e4 c5 2.Nf3 e6 3.d4 cxd4 4.Nxd4 a6 5.Nc3 Qc7 6.Be3 Nc6 7.Qd2 Nf6 8.O-O-O Bb4
9.f3 b5 10.Kb1 Bb7 11.Nxc6 Qxc6 12.Qd4 Bxc3 13.Qxc3 Qxc3 14.bxc3 d5 15.exd5 Nxd5
16.Bd4 f6 17.c4 bxc4 18.Bxc4 Rd8 19.Rhe1 Kf7 20.g3 Rhe8 21.Rd3 Nb4 22.Rd2 Bxf3
23.c3 Nc6 24.Bxa6 Nxd4 25.cxd4 Bd5 26.Bb5 Rb8 27.Rb2 Re7 28.a4 Reb7 29.Rc1 Be4+
30.Ka2 Bd3 31.Rc5 Be4 32.Ka3 Ke7 33.a5 Kd6 34.Kb4 Ra7 35.Rb3 g5 36.Ra3 h5
37.a6 f5 38.Ka5 g4 39.Rac3 Bf3 40.Rc8 Rbb7 41.Rd8+ Ke7 42.Re8+ Kd6 43.Rcc8 Rxb5+
44.Kxb5 Be2+ 45.Kb4 Rxa6 46.Red8+ Ke7 47.Rh8 Ra1 48.Rc2 Bf1 49.Rxh5 Kd6 50.Rh8 Rd1
51.Rd8+ Ke7 52.Rcc8 Rd2 53.Re8+ Kd7 54.Red8+ Ke7 55.Re8+ Kd7 56.Rcd8+ Kc7
57.d5 exd5 58.Kc5 Rxh2 59.Rxd5 Rc2+ 60.Kb4 Rf2 61.Rd4 Bg2 62.Re1 Rf3 63.Rc1+ Kb6
64.Rc3 Rf2 65.Rd6+ Kb7 66.Rf6 Bf3 67.Re3 Kc7 68.Re7+ Kd8 69.Ra7 Rb2+ 70.Kc3 Rb7
71.Rxb7 Bxb7 72.Rxf5 Ke7 73.Kd4 Ke6 74.Rb5 Bf3 75.Ke3 Kf6 76.Kf4 Kg6 77.Rb6+ Kf7
78.Kf5 Bd1 79.Rb7+ Kf8 80.Kf6 Ke8 81.Rb8+ Kd7 82.Rg8 Kd6 83.Kf5  1-0

[Event "IV Open A"]
[Site "Gora Swietej Anny POL"]
[Date "2011.02.13"]
[Round "3.17"]
[White "Szmer,Aleksander"]
[Black "Czajkowski,Ad"]
[Result "1-0"]
[WhiteElo "1572"]
[BlackElo "1809"]

1.e4 c5 2.Nf3 e6 3.d4 cxd4 4.Nxd4 a6 5.Nc3 d6 6.Be3 Nf6 7.f3 Be7 8.Qd2 Qc7
9.O-O-O Nbd7 10.g4 Ne5 11.g5 Nfd7 12.f4 Nc4 13.Bxc4 Qxc4 14.f5 Nc5 15.b3 Qb4
16.Kb2 e5 17.a3 Qb6 18.Nf3 Qc6 19.Bxc5 Qxc5 20.Qd5 f6 21.gxf6 gxf6 22.Rhg1 Qxd5
23.Nxd5 Bd8 24.Rg7 Bd7 25.Nd2 b5 26.Rdg1 Bc6 27.Nc7+ Bxc7 28.Rxc7 Bd7 29.Rg7 Rd8
30.Ra7 Bc8 31.Rae7+ Kf8 32.Rgf7+ Kg8 33.Rxf6  1-0

[Event "16th Lienz-Open 2011"]
[Site "Lienz AUT"]
[Date "2011.02.13"]
[Round "3"]
[White "Bernard,Ja"]
[Black "Lanka,Z"]
[Result "0-1"]
[WhiteElo "2225"]
[BlackElo "2468"]

1.e4 c5 2.Nf3 e6 3.d4 cxd4 4.Nxd4 a6 5.Nc3 Qc7 6.Bd3 Nf6 7.Qe2 Bd6 8.Be3 Nc6
9.h3 Be5 10.Nb3 Ne7 11.O-O Ng6 12.Bd4 d6 13.Rad1 Bd7 14.Bxe5 dxe5 15.Qe3 b6
16.Rd2 O-O 17.Rfd1 Bc6 18.a4 Kh8 19.a5 b5 20.Na2 Rac8 21.Nb4 Bb7 22.f3 Qe7
23.c3 Nh5 24.Bxb5 Ngf4 25.Bf1 Qg5 26.Kh2 f5 27.Nc5 Ba8 28.Nd7 Qg3+ 29.Kh1 fxe4
30.Qe1 exf3 31.Qxg3 Nxg3+ 32.Kg1 fxg2 33.Bxg2 Nfe2+ 34.Kh2 Rf2 35.Rg1 Nf1+  0-1

[Event "G-TEAM Open"]
[Site "Novy Bor CZE"]
[Date "2011.02.14"]
[Round "3"]
[White "Oresky,J"]
[Black "Sedlacek,Ji"]
[Result "1-0"]
[WhiteElo "2213"]
[BlackElo "2031"]

1.e4 c5 2.Nf3 e6 3.d4 cxd4 4.Nxd4 a6 5.Nc3 Qc7 6.g3 b5 7.Bg2 Bb7 8.O-O Nf6
9.Re1 b4 10.Nd5 Nxd5 11.exd5 Be7 12.Bf4 Qb6 13.Nf5 exf5 14.Qe2 O-O 15.Qxe7 a5
16.Bd6 Na6 17.Rad1 h6 18.Bh3 Rfe8 19.Qxe8+ Rxe8 20.Rxe8+ Kh7 21.Bxf5+ g6
22.Be5 gxf5 23.Rh8+ Kg6 24.Rg8+ Kh5 25.Rd4 Qxd4 26.Bxd4 Bxd5 27.h3 Bf3 28.Rg7 Bd5
29.g4+ fxg4 30.hxg4+ Kh4 31.Kh2  1-0

[Event "G-TEAM Open"]
[Site "Novy Bor CZE"]
[Date "2011.02.14"]
[Round "3"]
[White "Bores,R"]
[Black "Vyprachticky,D"]
[Result "1-0"]
[WhiteElo "2143"]
[BlackElo "1980"]

1.e4 c5 2.Nf3 e6 3.d4 cxd4 4.Nxd4 a6 5.Nc3 b5 6.Bd3 Bb7 7.O-O Nc6 8.Nxc6 Bxc6
9.Be3 d6 10.a3 Nf6 11.f3 Be7 12.Ne2 O-O 13.Nd4 Bb7 14.Qe2 Nd7 15.Rad1 Ne5
16.f4 Nxd3 17.cxd3 Re8 18.g4 Bf8 19.Rf3 g6 20.Rdf1 Qc7 21.f5 exf5 22.gxf5 d5
23.fxg6 fxg6 24.Qf2 Qc8 25.Rf7 dxe4 26.Qh4 h5 27.Qg5 Qg4+ 28.Qxg4 hxg4 29.Rxb7 exd3
30.Bf2 Rad8 31.Rb6 Kh7 32.Ne6 Rc8 33.Nxf8+ Rxf8 34.Rb7+ Kg8 35.Rd7 Rc2 36.Rxd3 Rxb2
37.Rd6 a5 38.Rxg6+ Kh7 39.Rxg4 b4 40.axb4 axb4 41.Bg3 Rxf1+ 42.Kxf1 b3 43.Rb4 Kg6
44.Bf2 Rb1+ 45.Kg2 Kg5 46.h4+ Kh5 47.Kf3 Kg6 48.Rb5 Kh6 49.Be3+ Kh7 50.Bd4 Rd1
51.Ke4 Rh1 52.Bf6 Kg6 53.Bg5 Rb1 54.Kd3 b2 55.Kc2 Rh1 56.Kxb2 Rh3 57.Rb3 Rh1
58.Kc3 Kf5 59.Kd4 Rd1+ 60.Ke3 Rh1 61.Kf2 Kg4 62.Kg2 Rd1 63.Rb4+ Kh5 64.Be3 Rd3
65.Bf2 Rd5 66.Kh3 Rd3+ 67.Bg3 Ra3 68.Rb5+ Kh6 69.Kg4 Ra6 70.Bf4+ Kh7 71.h5 Ra7
72.Rc5 Rg7+ 73.Bg5 Rf7 74.Re5 Rf1 75.Re7+ Kg8 76.h6 Kh8 77.Kh5  1-0

[Event "ch-ROU Men"]
[Site "Sarata Monteoru ROU"]
[Date "2011.02.14"]
[Round "3.30"]
[White "Bratu,G"]
[Black "Florescu,C"]
[Result "0-1"]
[WhiteElo "1875"]
[BlackElo "2226"]

1.e4 c5 2.Nf3 e6 3.Nc3 a6 4.d4 cxd4 5.Nxd4 d6 6.Be2 Nf6 7.O-O b5 8.Bf3 Ra7
9.a4 b4 10.Na2 e5 11.Ne2 Rb7 12.c3 b3 13.Nb4 a5 14.Nd5 Nxd5 15.Qxd5 Qc7 16.Be3 Be6
17.Qd2 Nd7 18.Ng3 Nb6 19.Be2 Nc4 20.Bxc4 Bxc4 21.Rfd1 Qc6 22.f3 Rd7 23.Qf2 g6
24.Bb6 d5 25.exd5 Rxd5 26.Ne4 Be7 27.Be3 O-O 28.Qg3 f5 29.Rxd5 Qxd5 30.Ng5 f4
31.Qh4 Bxg5 32.Qxg5 fxe3 33.f4 e2  0-1

[Event "ch-ROU Men"]
[Site "Sarata Monteoru ROU"]
[Date "2011.02.14"]
[Round "4.35"]
[White "Ardelean,R"]
[Black "Stegariu,A"]
[Result "0-1"]
[WhiteElo "1851"]
[BlackElo "2053"]

1.e4 c5 2.Nc3 e6 3.Nf3 a6 4.d4 cxd4 5.Nxd4 Qc7 6.a3 Nf6 7.Bd3 Be7 8.O-O Nc6
9.Nf3 O-O 10.Bg5 b5 11.Qd2 Bb7 12.Rae1 d6 13.Qf4 Ne5 14.Nxe5 dxe5 15.Qh4 h6
16.Bxf6 Bxf6 17.Qg4 Bg5 18.Re2 Qe7 19.g3 Qc7 20.h4 Be7 21.f4 Bxa3 22.Nd1 Bc5+
23.Kh2 Rad8 24.h5 f5 25.exf5 e4 26.fxe6 exd3 27.cxd3 Rxd3 28.e7 Bxe7 29.Ne3 Bc8
30.f5 Bg5 31.Rc2 Qd8 32.Ng2 Rd2 33.Qe4 Rxc2 34.Qxc2 Qd5 35.g4 Bb7 36.Ne1 Qe5+
37.Kh3 Qe3+  0-1

[Event "16th Lienz-Open 2011"]
[Site "Lienz AUT"]
[Date "2011.02.15"]
[Round "5"]
[White "Radulski,J"]
[Black "Meijers,V"]
[Result "1/2-1/2"]
[WhiteElo "2590"]
[BlackElo "2463"]

1.e4 c5 2.Nf3 e6 3.d4 cxd4 4.Nxd4 a6 5.Nc3 b5 6.Bd3 Bb7 7.O-O b4 8.Na4 Be7
9.c3 bxc3 10.Qb3 Nc6 11.Qxb7 Nxd4 12.bxc3 Nc6 13.Be3 Nf6 14.Bb6 Qb8 15.Qxb8+ Rxb8
16.Rfe1 a5 17.Bb5 Bd8 18.Bxc6 Bxb6 19.Nxb6 Rxb6 20.Ba4 Ke7 21.c4 e5 22.Bb5 Rc8
23.Re3 Ne8 24.Ra3 Nd6 25.Rxa5 Nxc4 26.Bxc4 Rxc4 27.Rxe5+ Kf6 28.Rd5 Rxe4
29.Rxd7 Re2 30.Rdd1 Rbb2 31.a4 Rxf2 32.Rf1 Rxf1+ 33.Kxf1 Rb6 34.Ke2 Ke5 35.Kd3 Kd5
36.Kc3 Kc5 37.Rf1 Rg6 38.g3 f6 39.Rb1 Rg4 40.Rb5+ Kc6 41.Rb4 Rg5 42.Rh4 h5
43.Kb4 Re5 44.Rc4+ Kb6 45.Rd4 Kc6 46.a5 g5 47.Rc4+ Kb7 48.Rc2 h4 49.gxh4 gxh4
50.Rc4 h3 51.Rc3 Re4+ 52.Kc5 Re5+ 53.Kd6 Rxa5 54.Rxh3 Ra6+ 55.Ke7 f5 56.Rb3+ Rb6
57.Rf3 Rh6 58.h3 f4 59.Kf7 Kc7 60.Kg7 Rh4 61.Rd3 Kc6 62.Kg6 Rh8 63.Kg5 Rf8
64.Rf3 Kd5 65.Rxf4 Rxf4  1/2-1/2

[Event "ch-ROU Women"]
[Site "Sarata Monteoru ROU"]
[Date "2011.02.15"]
[Round "4.7"]
[White "Padurariu,I"]
[Black "Gelip,I"]
[Result "1-0"]
[WhiteElo "2160"]
[BlackElo "1952"]

1.e4 c5 2.Nf3 e6 3.d4 cxd4 4.Nxd4 a6 5.Nc3 b5 6.Be3 d6 7.Be2 Nf6 8.Bf3 e5
9.Nb3 Bb7 10.Bg5 Nbd7 11.Nd5 Bxd5 12.exd5 Be7 13.Be3 O-O 14.O-O Ne8 15.a4 b4
16.Be2 f5 17.f4 g5 18.g3 Kh8 19.Kh1 a5 20.Bb5 Rc8 21.fxg5 Nc5 22.Nxc5 dxc5
23.h4 Nd6 24.Kh2 f4 25.gxf4 Nf5 26.Bf2 exf4 27.Qf3 h6 28.Rae1 Ng3 29.Re6 Nxf1+
30.Bxf1 Bxg5 31.hxg5 Qxg5 32.Qh3 Kg7 33.Bd3 Kf7 34.Rxh6 Qxh6 35.Qxh6 Rh8
36.Bh7  1-0

[Event "ch-POL"]
[Site "Warsaw POL"]
[Date "2011.02.16"]
[Round "5"]
[White "Dragun,K"]
[Black "Miton,K"]
[Result "0-1"]
[WhiteElo "2432"]
[BlackElo "2616"]

1.e4 c5 2.Nf3 e6 3.d4 cxd4 4.Nxd4 a6 5.Nc3 Qc7 6.Bd3 Nf6 7.O-O Bc5 8.Nb3 Be7
9.f4 d6 10.Qe2 Nc6 11.Bd2 b5 12.Rae1 Bb7 13.Kh1 Nd7 14.Nd5 Qd8 15.Bc3 Bh4
16.Rd1 exd5 17.exd5+ Ne7 18.Qg4 Bf6 19.Bxf6 gxf6 20.Rfe1 Kf8 21.Qh5 h6 22.Rd2 f5
23.Nd4 Nf6 24.Qh3 Nfxd5 25.Nxf5 Nxf5 26.Qxf5 Qh4 27.Rdd1 Rd8 28.Qe4 Ba8 29.Qd4 Qf6
30.Qf2 Ne7 31.Qb6 Nd5 32.Qf2 Nxf4 33.Be4 d5 34.Bf3 Ng6 35.Rf1 Kg7 36.Qa7 Qd6
37.Bh5 Rd7 38.Qd4+ Qe5 39.Qg4 Rd6 40.Rf5 Qe7 41.Qd4+ Kh7 42.Rdf1 Rf8 43.Be2 Bc6
44.Bd3 Bd7 45.Re5 Re6 46.Rxd5 Bc6 47.Rc5 Be4 48.Qc3 Bxd3 49.cxd3 Rd6 50.Rcf5 Qd7
51.R5f3 f5 52.h3 f4  0-1

[Event "G-TEAM Open"]
[Site "Novy Bor CZE"]
[Date "2011.02.19"]
[Round "9"]
[White "Wieczorek,O"]
[Black "Vorobyov,Y"]
[Result "1-0"]
[WhiteElo "2330"]
[BlackElo "2203"]

1.e4 c5 2.Nf3 e6 3.d4 cxd4 4.Nxd4 a6 5.Nc3 b5 6.g3 b4 7.Na4 Bb7 8.Bg2 Nf6
9.O-O Bxe4 10.Bxe4 Nxe4 11.Re1 d5 12.c4 bxc3 13.Nxc3 Nxc3 14.Qh5 Ne4 15.Nxe6 Qb6
16.Nc7+ Qxc7 17.Qxd5 Ra7 18.Bg5 f6 19.Bf4 Qc6 20.Qxe4+ Qxe4 21.Rxe4+ Kf7
22.Bxb8 Rb7 23.Bf4 Rxb2 24.Rc1 g5 25.Rc7+ Kg6 26.Be3 Rxa2 27.Re6 Kf5 28.Rb6 Bh6
29.Rf7  1-0

[Event "ch-ROU Men"]
[Site "Sarata Monteoru ROU"]
[Date "2011.02.19"]
[Round "10.25"]
[White "Senetia,T"]
[Black "Stegariu,A"]
[Result "1-0"]
[WhiteElo "2218"]
[BlackElo "2053"]

1.e4 c5 2.Nf3 e6 3.d4 cxd4 4.Nxd4 a6 5.Nc3 Qc7 6.Be2 Nf6 7.O-O Be7 8.Be3 d6
9.a4 b6 10.Kh1 Bb7 11.Bd3 Nbd7 12.f3 O-O 13.Qd2 Ne5 14.Nb3 d5 15.Qf2 Ned7
16.exd5 Nxd5 17.Nxd5 Bxd5 18.Nd2 Nc5 19.Be2 Bd6 20.Qh4 Nd7 21.Bd3 f5 22.Nc4 Bc5
23.Bxc5 Nxc5 24.Ne3 Bc6 25.Bc4 Kh8 26.b3 b5 27.Qd4 Nxa4 28.Bxe6 Rad8 29.Qb4 Qe5
30.Bd5 Bxd5 31.Nxd5 Qxd5 32.bxa4 Qd2 33.c3 bxa4 34.Qxa4 Rf6 35.Rad1  1-0

[Event "TCh-SVK Extraliga 2010-11"]
[Site "Slovakia SVK"]
[Date "2011.02.19"]
[Round "5.2"]
[White "Vovk,Y"]
[Black "Zpevak,P"]
[Result "1-0"]
[WhiteElo "2539"]
[BlackElo "2391"]

1.e4 c5 2.Nf3 e6 3.d4 cxd4 4.Nxd4 a6 5.Nc3 Qc7 6.Be2 Nf6 7.O-O Nc6 8.Kh1 Be7
9.f4 d6 10.Be3 Bd7 11.a4 Rc8 12.Nb3 Nb4 13.a5 O-O 14.Bf3 e5 15.Nc1 d5 16.Bb6 Qb8
17.fxe5 Qxe5 18.exd5 Bd6 19.Bg1 Bf5 20.Nd3 Nxd3 21.cxd3 Rfe8 22.Ra4 Rcd8
23.g3 Bh3 24.Bd4 Qg5 25.Bxf6 Qxf6 26.Bg2 Bxg2+ 27.Kxg2 Qg6 28.Rg4 Qh6 29.Ne4 Be5
30.d4 Rxd5 31.Qf3  1-0

[Event "TCh-SWE Elitserien 2010-11"]
[Site "Sweden SWE"]
[Date "2011.02.19"]
[Round "8"]
[White "Bejtovic,J"]
[Black "Holst,C"]
[Result "1/2-1/2"]
[WhiteElo "2404"]
[BlackElo "2165"]

1.e4 c5 2.Nf3 e6 3.d4 cxd4 4.Nxd4 a6 5.Nc3 Qc7 6.Be2 b5 7.O-O Bb7 8.Re1 Nc6
9.Nxc6 Bxc6 10.Nd5 Bxd5 11.exd5 Nf6 12.a4 b4 13.Bf3 Rc8 14.Qe2 a5 15.Qa6 Bd6
16.Be3 O-O 17.g3 Nxd5 18.Bxd5 exd5 19.Rad1 Bc5 20.Bf4 Qc6 21.Qxa5 Ra8 22.Qb5 Rxa4
23.Qd3 Ra5 24.Re5 Bd6 25.Rh5 g6 26.Bxd6 Qxd6 27.Rxd5 Qxd5 28.Qxd5 Rxd5 29.Rxd5 Rc8
30.Rd2 Kf8 31.Kf1 Ke7 32.Ke2 Ke6 33.Kd3 d5 34.Re2+ Kd6 35.Re3 f5 36.h4 h5
37.Rf3 Re8 38.Re3 Rc8 39.Rf3 Re8 40.Re3 Rc8 41.f4 Ra8 42.Re1 Ra2 43.b3 Ra8
44.Kd4 Rc8 45.Ra1 Rxc2 46.Ra6+ Rc6 47.Ra7 Rc3 48.Ra6+ Rc6 49.Ra7 Rc3 50.Ra6+ Kc7
51.Rxg6 Rxb3 52.Kxd5 Rc3 53.Kd4 Rc1 54.Rg7+ Kb6 55.Re7 Rc3 56.Re6+ Kb5 57.Re5+ Ka4
58.Rxf5 Rxg3 59.Rf8 b3 60.Kc4 Ka3 61.f5 Kb2 62.f6 Rg4+ 63.Kd5 Rxh4 64.Rh8 Rf4
65.Ke5 Rf3 66.Rxh5 Kc3 67.Rh1 b2 68.Ke6 Re3+ 69.Kd6 Rd3+ 70.Ke7 Re3+ 71.Kd6 Rd3+  1/2-1/2

[Event "Frauenbundesliga 1st Div 2010-11"]
[Site "Germany GER"]
[Date "2011.02.20"]
[Round "9.5"]
[White "Schulz,A1"]
[Black "Havlikova,K"]
[Result "1/2-1/2"]
[WhiteElo "1819"]
[BlackElo "2295"]

1.e4 c5 2.Nf3 e6 3.d4 cxd4 4.Nxd4 a6 5.Nc3 Qc7 6.Bd3 Nf6 7.f4 d6 8.Qf3 Bd7
9.g4 Nc6 10.Nb3 h6 11.h4 h5 12.g5 Ng4 13.Qg3 Nb4 14.Bd2 Bc6 15.O-O-O Nxd3+
16.cxd3 b5 17.Kb1 Qb6 18.Qe1 Be7 19.Ne2 Qf2 20.Rf1 Qxe1 21.Rdxe1 Rc8 22.Ned4 Ba8
23.Nc2 Bd8 24.Bb4 Bc7 25.Ncd4 Kd7 26.Bc3 Rhf8 27.Nc2 f6 28.f5 exf5 29.Rxf5 g6
30.Rff1 fxg5 31.hxg5 Ke7 32.Nb4 a5 33.Nd5+ Bxd5 34.exd5+ Kd7 35.Bg7 Rxf1
36.Rxf1 Re8 37.Nd4 Re7 38.Bf8 Rh7 39.Nxb5 h4 40.Nxc7 Kxc7 41.Rh1 Rh5 42.Rf1 Rxg5
43.Rf7+ Kb6 44.Bxd6 Rxd5 45.Bc7+ Kc6 46.Bb8 g5 47.Rg7 Nf2 48.Ba7 Ng4 49.Bb8 Rb5
50.Ba7 Rf5 51.Rh7 Ne5 52.Be3 Nf3 53.Rh5 Kd6 54.Kc2 Ke6 55.Kd1 g4 56.Rxf5 Kxf5
57.Ke2 h3 58.Kf2 Ne5 59.Kg3 Nxd3 60.b3 Nb4 61.Bb6 Nxa2 62.Bxa5 Nc1 63.b4 Ne2+
64.Kh2 Ke4 65.Bc7 Nc3 66.Kg3 Kf5 67.Bb8 Nb5 68.Kh2 Nd4 69.Bc7 Nf3+ 70.Kg3 Nd4
71.Kh2 Kg5 72.Kg3 Kh5 73.Kh2 Nf3+  1/2-1/2

[Event "TCh-HUN 2010-11"]
[Site "Kazincbarcika HUN"]
[Date "2011.02.20"]
[Round "6"]
[White "Videki,S"]
[Black "Schneider,Ve"]
[Result "1-0"]
[WhiteElo "2441"]
[BlackElo "2251"]

1.e4 c5 2.Nf3 e6 3.d4 cxd4 4.Nxd4 a6 5.Nc3 d6 6.Bd3 Nc6 7.Nxc6 bxc6 8.O-O e5
9.f4 exf4 10.Bxf4 Be6 11.Kh1 Ne7 12.Qe2 Ng6 13.Bc4 Be7 14.Bxe6 fxe6 15.Bg3 Bf6
16.Rad1 Ne5 17.Na4 O-O 18.c4 Qe7 19.c5 dxc5 20.Bf2 Nd7 21.Qc4 Be5 22.Rxd7 Qxd7
23.Nb6 Qf7 24.Nxa8 Bd4 25.Nb6 Bxf2 26.Qe2 Qc7 27.Nc4 Bd4 28.Rxf8+ Kxf8 29.g3 Qf7
30.Kg2 e5 31.b3 Ke7 32.Na5 Qf6 33.Qf3 Qxf3+ 34.Kxf3 Kd6 35.h3 Bc3 36.Nb7+ Ke7
37.Nxc5 a5 38.Ke2 Kd6 39.Na4 Bd4 40.Kd3 Bf2 41.g4 Bd4 42.Nc3 Kc5 43.Ne2 Bf2
44.a3 g6 45.Nc3 Bd4 46.Na4+ Kb5 47.Kc2 Bf2 48.Nb2 Bb6 49.a4+ Kc5 50.Kc3 Bc7
51.Nd3+ Kb6 52.Kc4 Bd6 53.Ne1 Be7 54.Nf3 Bf6 55.g5 Bg7 56.h4 Kc7 57.b4 axb4
58.Kxb4 Bf8+ 59.Kc4 Bd6 60.Nh2 Kb6 61.Ng4 Ka5 62.Nf6 Kxa4 63.Nxh7 Be7 64.h5 Bxg5
65.Nxg5  1-0

[Event "ch-ROU Women"]
[Site "Sarata Monteoru ROU"]
[Date "2011.02.20"]
[Round "9.14"]
[White "Anton,R"]
[Black "Porcoleanu,D"]
[Result "1-0"]
[WhiteElo "1854"]
[BlackElo "1811"]

1.e4 c5 2.Nc3 e6 3.Nf3 a6 4.d4 cxd4 5.Nxd4 b5 6.a3 Qc7 7.Bd3 Bc5 8.Nb3 Bb6
9.Qg4 Qe5 10.Bf4 Qf6 11.e5 h5 12.Qf3 Qd8 13.Qxa8 Nc6 14.Ne4 Nge7 15.Nd6+ Kf8
16.Nxc8 Nxc8 17.Qxa6 Qc7 18.Qxb5 f5 19.a4 Na5 20.Nxa5 Bxa5+ 21.Bd2 Bb6 22.O-O Na7
23.Qb4+ Kf7 24.Qc3 Qb8 25.Qb3 g6 26.a5 Bc7 27.Qxb8 Rxb8 28.Bc3 Nc6 29.a6  1-0

[Event "ch-ROU Men"]
[Site "Sarata Monteoru ROU"]
[Date "2011.02.20"]
[Round "11.46"]
[White "Pavel,Se"]
[Black "Deaconu,Mihai-Ionut"]
[Result "1/2-1/2"]
[WhiteElo "1897"]
[BlackElo "1686"]

1.e4 c5 2.Nf3 e6 3.Nc3 a6 4.d4 cxd4 5.Nxd4 Qc7 6.a3 Nc6 7.Be2 Bc5 8.Be3 d6
9.O-O b5 10.Qd2 Bb7 11.Rad1 Nf6 12.f3 Qb6 13.Rfe1 Nxd4 14.Bxd4 Bxd4+ 15.Qxd4 Qxd4+
16.Rxd4 Ke7 17.a4 bxa4 18.Rxa4 Nd7 19.Rea1 Rhb8 20.Nd1 Nc5 21.R4a3 Bc8 22.c3 Nb3
23.R1a2 Nc1 24.b4 Nxa2 25.Rxa2 Bb7 26.Kf2  1/2-1/2